España, el Atlántico y el Pacífico (Record no. 183889)
[ view plain ]
| 000 -LEADER | |
|---|---|
| campo de control de longitud fija | 01608nam a2200349 i 4500 |
| 001 - NÚMERO DE CONTROL | |
| campo de control | 183889 |
| 003 - IDENTIFICADOR DE NÚMERO DE CONTROL | |
| campo de control | ES-MaACL |
| 005 - FECHA Y HORA DE LA ÚLTIMA TRANSACCIÓN | |
| campo de control | 20250829061619.0 |
| 008 - DATOS DE LONGITUD FIJA--INFORMACIÓN GENERAL | |
| campo de control de longitud fija | 141106m20132014sp abde |||| | spa d |
| 020 ## - NÚMERO INTERNACIONAL ESTÁNDAR DEL LIBRO | |
| Número Internacional Estándar del Libro | 978-84-616-9829-5 |
| 080 ## - NÚMERO DE LA CLASIFICACIÓN DECIMAL UNIVERSAL | |
| Número de la Clasificación Decimal Universal | 910.4(265)"15"(063) |
| 080 ## - NÚMERO DE LA CLASIFICACIÓN DECIMAL UNIVERSAL | |
| Número de la Clasificación Decimal Universal | 94(460.253 Llerena)(063) |
| 111 2# - ENTRADA PRINCIPAL--NOMBRE DE CONGRESO/REUNIÓN | |
| Nombre de congreso/reunión o jurisdicción como elemento de entrada | Jornadas de Historia en Llerena ( |
| Número del congreso/reunión o número de parte o sección | 14ª. |
| Fecha del congreso o de la firma del tratado | 2013) |
| 9 (RLIN) | 155864 |
| 245 10 - MENCIÓN DEL TÍTULO | |
| Título | España, el Atlántico y el Pacífico |
| Resto del título | : y otros estudios sobre Extremadura / |
| Mención de responsabilidad, etc. | [XIV Jornadas de Historia en Llerena ; coordinación general, Felipe Lorenzana de la Puente ; autores, Antonio García-Abásolo ... (et al.)]. |
| 246 3# - FORMA VARIANTE DEL TITULO | |
| Título propio/Titulo breve | V Centenario del Descubrimiento de la Mar del Sur |
| 246 3# - FORMA VARIANTE DEL TITULO | |
| Título propio/Titulo breve | Jornadas de Historia en Llerena |
| 260 ## - PUBLICACIÓN, DISTRIBUCIÓN, ETC. | |
| Lugar de publicación, distribución, etc. | Llerena (Badajoz) : |
| Nombre del editor, distribuidor, etc. | Sociedad Extremeña de Historia, |
| Fecha de publicación, distribución, etc. | 2013 [i.e. 2014] |
| 300 ## - DESCRIPCIÓN FÍSICA | |
| Extensión | 416 p. : |
| Otras características físicas | gráf., il., planos ; |
| Dimensiones | 24 cm + |
| Material acompañante/anejo | 1 DVD. |
| 504 ## - NOTA DE BIBLIOGRAFÍA, ETC. | |
| Nota de bibliografía, etc. | Referencias bibliográficas. |
| 546 ## - NOTA DE IDIOMA | |
| Nota de lengua/lenguaje | Textos en español; resúmenes en español e inglés. |
| 650 #7 - PUNTO DE ACCESO ADICIONAL DE MATERIA--TÉRMINO DE MATERIA | |
| Término de materia o nombre geográfico como elemento de entrada | Descubrimientos geográficos españoles |
| Fuente del encabezamiento o término | embne |
| 9 (RLIN) | 11831 |
| 651 #4 - PUNTO DE ACCESO ADICIONAL DE MATERIA--NOMBRE GEOGRÁFICO | |
| Nombre geográfico | Extremadura- |
| Subdivisión general | Historia- |
| Subdivisión de forma | Congresos y asambleas. |
| 9 (RLIN) | 137146 |
| 651 #4 - PUNTO DE ACCESO ADICIONAL DE MATERIA--NOMBRE GEOGRÁFICO | |
| Nombre geográfico | Pacífico- |
| Subdivisión general | Descubrimientos y exploraciones- |
| -- | Españoles. |
| 9 (RLIN) | 155865 |
| 651 #4 - PUNTO DE ACCESO ADICIONAL DE MATERIA--NOMBRE GEOGRÁFICO | |
| Nombre geográfico | España- |
| Subdivisión general | Colonias- |
| Subdivisión cronológica | S.XIX |
| 9 (RLIN) | 8176 |
| 700 1# - ENTRADA AGREGADA--NOMBRE PERSONAL | |
| Nombre de persona | Lorenzana de la Puente, Felipe. |
| 9 (RLIN) | 129072 |
| 700 1# - ENTRADA AGREGADA--NOMBRE PERSONAL | |
| Nombre de persona | García-Abásolo, Antonio. |
| 9 (RLIN) | 158213 |
| 710 2# - ENTRADA AGREGADA--NOMBRE DE ENTIDAD CORPORATIVA | |
| Nombre de entidad corporativa o nombre de jurisdicción como elemento de entrada | Sociedad Extremeña de Historia. |
| 9 (RLIN) | 6768 |
| 852 ## - LOCALIZACIÓN | |
| Ubicación | ES-MaACL |
| Número de control de estantería | A-13297 |
| itemnumber | 190849 |
| Sublocalización o colección | R.150204 |
| Ubicación en estantería | Depósito 1 |
| Signatura antigua | Olim: N-6297 |
| 852 ## - LOCALIZACIÓN | |
| Ubicación | ES-MaACL |
| Número de control de estantería | ROT 2/7/18 |
| 942 ## - ELEMENTOS DE ENTRADA SECUNDARIOS (KOHA) | |
| Fuente del sistema de clasificación o colocación | Clasificación decimal universal |
| Tipo de ítem Koha | Libro impreso |
| Estatus retirado | Estado de pérdida | Fuente del sistema de clasificación o colocación | Estado de daño | No para préstamo | Biblioteca de origen | Biblioteca actual | Ubicación en estantería | Fecha de adquisición | Total de préstamos | Signatura topográfica completa | Código de barras | Visto por última vez | Precio de reemplazo | Tipo de ítem Koha | Fuente de adquisición |
|---|---|---|---|---|---|---|---|---|---|---|---|---|---|---|---|
| Clasificación decimal universal | Biblioteca del Ateneo de Madrid | Biblioteca del Ateneo de Madrid | Depósito | 03/05/2017 | ROT 2/7/18 | 1197511 | 23/02/2023 | 23/02/2023 | DVD | ||||||
| Clasificación decimal universal | Biblioteca del Ateneo de Madrid | Biblioteca del Ateneo de Madrid | Depósito 1 | 06/11/2014 | A-13297 | 1193361 | 23/02/2023 | 23/02/2023 | Libro impreso | Donación |
